Vista normal Vista MARC

Entrada Nombre personal

Número de registros utilizados en: 1

001 - NÚMERO DE CONTROL

  • Campo de control: 45544

003 - IDENTIFICADOR DE NÚMERO DE CONTROL

  • Campo de control: OSt

005 - FECHA Y HORA DE LA ULTIMA MODIFICACION

  • Campo de control: 20210721103104.0

008 - ELEMENTOS DE DATOS DE LONGITUD FIJA

  • Campo de longitud fija: 210721|| aca||aabn | a|a d

040 ## - FUENTE DE LA CATALOGACIÓN

  • Agencia original de catalogación: OSt

100 1# - ENCABEZAMIENTO--NOMBRE DE PERSONA

  • Nombre personal: Retana Alfaro, Andrea Gisela

670 ## - FUENTE DE DATOS ENCONTRADOS

  • Fuente de citación: Investigación, Calidad de los servicios que debe ofrecer una tour operadora post pandemia en el departamento de Santa Ana, Municipio de Chalchuapa.

670 ## - FUENTE DE DATOS ENCONTRADOS

  • Fuente de citación: BMC.- 21-07-2021